000 01315nam a2200313 c 4500
003 BLK
005 20180422120834.0
008 180411b bul|||||r ||||||| ||bul||
010 _aKNG00216873000
040 _aBLK
041 _aBUL
_cBUL
080 _aАнглоканадска литература
_b821.111(71)
_x-32
_z821.111(71)-32
100 1 _aЛийкок, Стивън
_eпърви автор
_988789
700 1 _aЛаптев, Веселин
_eсъстав.
_9364791
700 1 _aЛаптев, Веселин
_eпрев. от англ.
_9364791
700 1 _aКлисурска, Наталия
_eс предг. от
_9381961
139 _aЛийкок, Стивън
_bЛ 56
245 1 0 _aПрегрешенията на перото
_bРазкази
_cСтивън Лийкок; състав. Веселин Лаптев; прев. от англ. Веселин Лаптев; с предг. от Наталия Клисурска.
257 _aBGR
260 Пловдив
_bХристо Г. Данов
_c1986
300 _a229 с.
_c20 см
380 _aX
490 1 _aБиблиотека Хумор на народите
852 _aЦб 143264
856 4 _qpdf
_u
856 4 _qpdf
_u
942 _cKNG
_n0
944 _aCR
_c06.03.2018
_kХристина_Везирева
944 _aED
_c06.03.2018
_kХристина_Везирева
999 _c207121
_d207121